|
|
|
|
| LEADER |
00000nam0a2200000 4500 |
| 001 |
264777 |
| 005 |
20231101233849.0 |
| 035 |
|
|
|a (RuTPU)RU\TPU\book\287774
|
| 090 |
|
|
|a 264777
|
| 100 |
|
|
|a 20140623d1988 k y0rusy50 ca
|
| 101 |
0 |
|
|a rus
|
| 102 |
|
|
|a RU
|
| 105 |
|
|
|a a z 100zy
|
| 200 |
1 |
|
|a Геотектоника Европейского Северо-Востока СССР
|e труды X геологической конференции Коми АССР
|f Академия наук СССР (АН СССР), Уральское отделение (УрО), Коми научный центр (КомиНЦ), Институт геологии (ИГ) ; Полярноуралгеология
|
| 210 |
|
|
|a Сыктывкар
|c Коми научный центр
|d 1988
|
| 215 |
|
|
|a 168 с.
|c ил.
|
| 606 |
1 |
|
|a Геотектоника
|2 stltpush
|3 (RuTPU)RU\TPU\subj\6228
|9 34162
|
| 610 |
1 |
|
|a Северо-Восток СССР
|
| 610 |
1 |
|
|a Печорская плита
|
| 610 |
1 |
|
|a платформенный чехол
|
| 610 |
1 |
|
|a тектоническая эволюция
|
| 610 |
1 |
|
|a фанерозой
|
| 610 |
1 |
|
|a нефтегазоносные территории
|
| 610 |
1 |
|
|a строение
|
| 610 |
1 |
|
|a конференции
|
| 675 |
|
|
|a 551.24
|v 3
|
| 712 |
0 |
2 |
|a Академия наук СССР (АН СССР)
|b Уральское отделение (УрО)
|b Коми научный центр (КомиНЦ)
|b Институт геологии (ИГ)
|c (Сыктывкар)
|c (1987-1991)
|2 stltpush
|3 (RuTPU)RU\TPU\col\19510
|
| 712 |
0 |
2 |
|a Полярноуралгеология
|2 stltpush
|3 (RuTPU)RU\TPU\col\5843
|9 24147
|
| 712 |
1 |
2 |
|a Геотектоника Европейского Северо-Востока СССР
|c конференция
|d 10
|e Сыктывкар
|f [1988]
|
| 801 |
|
1 |
|a RU
|b 63413507
|c 20140623
|
| 801 |
|
2 |
|a RU
|b 63413507
|c 20150421
|g RCR
|
| 942 |
|
|
|c BK
|